| Поле | Название | Значение |
| |
Тип записи |
a |
| |
Библиографический уровень |
m |
| 001 |
Контрольный номер |
a21a3566e1e9425d864f015acd32cd67 |
| 005 |
Дата корректировки |
20140717142015.8 |
| 101 |
Язык документа |
0_ |
| a |
Язык текста |
rus |
| 102 |
Страна публикации |
__ |
| a |
Страна публикации |
RU |
| 200 |
Заглавие и сведения об ответственности |
1_ |
| a |
Заглавие |
Бухгалтерский учет |
| e |
Сведения, относящиеся к заглавию |
практикум для спец. 060800 "Экономика и управление на предприятии" (торговля и общественное питание) |
| f |
Первые сведения об ответственности |
Н. А. Миславская, Л. Н. Юдина, Т. В. Осипова |
| g |
Последующие сведения об ответственности |
АНО ВПО ЦС РФ РУК, Каф. бухгалтерского учета |
| 210 |
Выходные данные |
1_ |
| c |
Издательство |
РУК |
| a |
Место издания |
М. |
| d |
Дата издания |
2006 |
| 215 |
Физическое описание |
__ |
| a |
Объем |
101 с. |
| 610 |
Ключевые слова |
0_ |
| a |
Ключевые слова |
бухгалтерский учет |
| 610 |
Ключевые слова |
0_ |
| a |
Ключевые слова |
практикум |
| 610 |
Ключевые слова |
0_ |
| a |
Ключевые слова |
<060800> |
| 610 |
Ключевые слова |
0_ |
| a |
Ключевые слова |
<*> |
| 610 |
Ключевые слова |
0_ |
| a |
Ключевые слова |
<+> |
| 686 |
Индексы других классификаций |
__ |
| a |
Классификационный индекс |
65.052.9(2)242я73 |
| 2 |
Код системы |
rubbk |
| 700 |
Автор |
_1 |
| a |
Фамилия |
Миславская |
| b |
Имя |
Н. А. |
| y |
|
ДА |
| 701 |
Альтернативная интеллектуальная ответственность |
_1 |
| a |
Фамилия |
Юдина |
| b |
Имя |
Л. Н. |
| g |
Полное личное имя |
Любовь Николаевна |
| y |
|
ДА |
| 701 |
Альтернативная интеллектуальная ответственность |
_1 |
| a |
Фамилия |
Осипова |
| b |
Имя |
Т. В. |
| g |
Полное личное имя |
Татьяна Викторовна |
| y |
|
ДА |
| 711 |
Наименование организации. (Альтернативная ответственность) |
02 |
| a |
Организация/ юрисдикция |
АНО ВПО ЦС РФ РУК |
| 711 |
Наименование организации. (Альтернативная ответственность) |
02 |
| a |
Организация/ юрисдикция |
Каф. бухгалтерского учета |
| 801 |
Источник записи |
_0 |
| a |
Страна |
RU |
| b |
Организация |
РУК |
| c |
Дата составления |
20060912 |
| g |
Правила каталогизации |
PSBO |
| 801 |
Источник записи |
_1 |
| a |
Страна |
RU |
| b |
Организация |
РУК |
| c |
Дата составления |
20060912 |
| g |
Правила каталогизации |
PSBO |
| 852 |
Данные о местонахождении |
__ |
| i |
Авторский знак |
М 65 |
| 901 |
Тип документа |
__ |
| t |
Тип документа |
m |
| 938 |
Служебная информация |
__ |
| a |
Название организации |
Головной вуз |
| b |
Имя БД |
UCH |
| c |
Название АИБС |
АИБС ИРБИС |
| 951 |
|
__ |
| a |
|
\ful_txt\91.pdf |
| 952 |
Тип литературы |
__ |
| c |
Вид литературы |
учебно-методическое издание |